Score 0/25 Timer 10:00
0 Plays Today
% Correct
Des Moines - Dallas
75.7%
Denver - El Paso
74.8%
Baltimore - Chicago
73.8%
Portland (ME) - Richmond (VA)
72.8%
Spokane - Sacramento
71.8%
Madison - Little Rock
68.9%
Portland (OR) - Salt Lake City
66%
Las Vegas - Denver
66%
Tulsa - Indianapolis
61.2%
Anchorage - Juneau
61.2%
Providence - Detroit
61.2%
Fargo - Kansas City
60.2%
Phoenix - Reno
59.2%
% Correct
Columbus (OH) - Little Rock
59.2%
Kansas City - New Orleans
56.3%
Burlington - Toledo
56.3%
Miami - Atlanta
49.5%
Pittsburgh - Memphis
47.6%
Jackson (MS) - Raleigh
46.6%
El Paso - San Antonio
44.7%
Minneapolis - Detroit
43.7%
Memphis - Lincoln
43.7%
Albuquerque - Oklahoma City
42.7%
Amarillo - Laredo
42.7%
Atlanta - Washington, D.C.
41.7%
Remove Ads.
Support Sporcle.
Get the best of Sporcle when you Go Orange. This ad-free experience offers more features, more stats, and more fun while also helping to support Sporcle. Thank you for becoming a member.

You're not logged in!

Compare scores with friends on all Sporcle quizzes.
OR
Log In

Show Comments

Extras

Top Quizzes Today


Score Distribution

Your Account Isn't Verified!

In order to create a playlist on Sporcle, you need to verify the email address you used during registration. Go to your Sporcle Settings to finish the process.

Report this User

Report this user for behavior that violates our Community Guidelines.

Details: